[Event "Vaxjo op"]
[Site "Vaxjo"]
[Date "2024.02.11"]
[Round "8"]
[White "Crevatin, Leo"]
[Black "Seiger, Vidar"]
[Result "0-1"]
[WhiteElo "2303"]
[BlackElo "1978"]
[PlyCount "170"]
[EventDate "2024.02.09"]
[EventType "swiss"]
[EventRounds "8"]
[EventCountry "SWE"]
[SourceTitle "CB07_2024"]
[SourceDate "2024.02.14"]
[SourceVersion "1"]
[SourceVersionDate "2024.02.14"]
[SourceQuality "1"]

1. d4 Nf6 2. c4 g6 3. Nc3 Bg7 4. e4 0-0 5. Nf3 d6 6. Be2 Na6 7. 0-0 e5 8. Be3 c6 9. Re1 Qe7 10. h3 Nh5 11. Bf1 Nc7 12. b4 exd4 13. Bxd4 Bxd4 14. Nxd4 Qf6 15. Rc1 Nf4 16. Re3 Nce6 17. Nf3 Ng5 18. Nxg5 Qxg5 19. Kh2 h5 20. Qxd6 Rd8 21. Qc7 Rd7 22. Qa5 Qxa5 23. bxa5 Rd2 24. Rf3 Ne6 25. Kg1 Nc5 26. Re3 Be6 27. a3 Rad8 28. Nd5 Kg7 29. h4 Bc8 30. Nb4 a6 31. f3 Be6 32. Re2 R2d4 33. Rb2 f5 34. exf5 gxf5 35. Re2 Kf6 36. g3 f4 37. gxf4 Rxf4 38. Kf2 Rxh4 39. Kg3 Rhd4 40. Re3 h4+ 41. Kf2 h3 42. Rxe6+ Nxe6 43. Bxh3 Nc5 44. Kg3 Re8 45. Rc3 Rd2 46. Bg4 Re1 47. Kf4 Na4 48. Rb3 Rd4+ 49. Kg3 Rxc4 50. Nd3 Re7 51. Nf4 Nc5 52. Rb1 Re3 53. Rh1 Rxa3 54. Rh6+ Ke5 55. Ne2 Rc2 56. Rh5+ Kd6 57. Nd4 Rd2 58. Nf5+ Kd5 59. Rh8 Kc4 60. Kf4 Nd3+ 61. Ke3 Rb2 62. Nd6+ Kd5 63. Nc8 Ne5+ 64. Kf4 Rb4+ 65. Kf5 Nxf3 66. Rd8+ Kc5 67. Nd6 Nh4+ 68. Kg5 Rg3 69. Nxb7+ Rxb7 70. Kxh4 Ra3 71. Rd1 Rb4 72. Kh5 Rxa5 73. Bf3 Kb6+ 74. Kg6 Rc5 75. Rd8 Kc7 76. Ra8 a5 77. Bd1 Kb7 78. Re8 a4 79. Re7+ Kb6 80. Re8 Ra5 81. Rb8+ Kc5 82. Rc8 a3 83. Bf3 Ra6 84. Rf8 a2 85. Rf5+ Kb6 0-1

[Event "Uppsala Young Champions 10th"]
[Site "Uppsala"]
[Date "2023.10.28"]
[Round "3"]
[White "Harish, Neeraj"]
[Black "Seiger, Vidar"]
[Result "1/2-1/2"]
[WhiteElo "2076"]
[BlackElo "1908"]
[PlyCount "92"]
[EventDate "2023.10.27"]
[EventType "swiss"]
[EventRounds "9"]
[EventCountry "SWE"]
[SourceTitle "Mega2024 Update 01"]
[Source "Chessbase"]
[SourceDate "2023.11.12"]
[SourceVersion "1"]
[SourceVersionDate "2023.11.12"]
[SourceQuality "1"]

1. e4 c5 2. Nf3 g6 3. d4 cxd4 4. Nxd4 Nc6 5. c4 Nf6 6. Nc3 d6 7. Be2 Nxd4 8. Qxd4 Bg7 9. Be3 0-0 10. Qd2 a5 11. Rc1 a4 12. f3 Qa5 13. Kf2 Be6 14. Nd5 Qd8 15. Rhd1 Nd7 16. Kg1 Nc5 17. Qc2 Bxd5 18. Rxd5 Qb6 19. Rb1 Rfc8 20. Bf1 e6 21. Rd2 Qc6 22. Rbd1 Rd8 23. Bf4 e5 24. Be3 Ne6 25. Rd5 Nc7 26. Qf2 Nxd5 27. Rxd5 f5 28. exf5 gxf5 29. Qh4 Rf8 30. c5 dxc5 31. Bc4 Kh8 32. Rxc5 Qg6 33. Rb5 Rac8 34. Bc5 Rfd8 35. Rb6 Rd1+ 36. Bf1 Qf7 37. Qb4 Qd5 38. Rd6 Qxc5+ 39. Qxc5 Rxf1+ 40. Kxf1 Rxc5 41. Rd8+ Bf8 42. Rxf8+ Kg7 43. Rxf5 Rc1+ 44. Kf2 Rc2+ 45. Kg3 Rxb2 46. Rxe5 Kf6 1/2-1/2